00306 2200133 4500001002100000005001500021035002000036245004200056100001600098300001200114260002400126082000800150084001400158INLIS00000000000214720250527113727 a0010-05250004391 aSukses Melatih Atletik /cMark Qutrie0 aMark Qutrie a213 hlm bInsan Madani,c2008 a700 a700 MAR s